000
00294nam a22001217a 4500
008
180309b xxu||||| |||| 00| 0 eng d
041
_a
eng
080
_a
316
100
_a
50
101
_a
SOC
245
_a
Women's Studies in the 1990s: Doing things Differently?
_c
GrooT, J.
942
_2
udc
_c
BK
999
_c
44535
_d
44535